Southville International School and Colleges
Your cart is empty.
  • Cart
  • Lists
    Public lists Eva Luna New books Lux_list list_1
    Your lists Log in to create your own lists
  • Log in to your account
  • Your cookies
  • Search history
Southville International School and Colleges
  • Advanced search
  • Recent comments
  • Most popular
  • Libraries

Log in to your account

Log in with GOOGLE


If you do not have an external account, but do have a local account, you can still log in:

  1. Home
  2. MARC view: A History of China /
Normal view MARC view ISBD view

A History of China / (Record no. 467)

[ view plain ]
MARC details
000 -LEADER
fixed length control field 01498cam a22004338a 4500
001 - CONTROL NUMBER
control field 14267878
003 - CONTROL NUMBER IDENTIFIER
control field OSt
005 - DATE AND TIME OF LATEST TRANSACTION
control field 20140310181630.0
008 - FIXED-LENGTH DATA ELEMENTS--GENERAL INFORMATION
fixed length control field 060216s2006 nyu bi 000 0 eng
010 ## - LIBRARY OF CONGRESS CONTROL NUMBER
LC control number 2006042322
020 ## - INTERNATIONAL STANDARD BOOK NUMBER
International Standard Book Number 9781403992741
020 ## - INTERNATIONAL STANDARD BOOK NUMBER
International Standard Book Number 1403992746
020 ## - INTERNATIONAL STANDARD BOOK NUMBER
International Standard Book Number 9781403992758 (pbk)
020 ## - INTERNATIONAL STANDARD BOOK NUMBER
International Standard Book Number 1403992754 (pbk.)
040 ## - CATALOGING SOURCE
Original cataloging agency DLC
Transcribing agency DLC
Modifying agency DLC
042 ## - AUTHENTICATION CODE
Authentication code pcc
043 ## - GEOGRAPHIC AREA CODE
Geographic area code a-cc---
050 00 - LIBRARY OF CONGRESS CALL NUMBER
Classification number DS 735
Item number .R643 2006
082 00 - DEWEY DECIMAL CLASSIFICATION NUMBER
Classification number TR 951
Item number R54 2006
100 1# - MAIN ENTRY--PERSONAL NAME
Personal name Roberts, J. A. G.,
Dates associated with a name 1935-
9 (RLIN) 1680
245 12 - TITLE STATEMENT
Title A History of China /
Statement of responsibility, etc J.A.G. Roberts.
246 3# - VARYING FORM OF TITLE
Title proper/short title China
250 ## - EDITION STATEMENT
Edition statement 2d ed.
260 ## - PUBLICATION, DISTRIBUTION, ETC. (IMPRINT)
Place of publication, distribution, etc New York :
Name of publisher, distributor, etc Palgrave Macmillan,
Date of publication, distribution, etc 2006.
263 ## - PROJECTED PUBLICATION DATE
Projected publication date 0608
300 ## - PHYSICAL DESCRIPTION
Extent 355 p. :
Dimensions 22 cm.
440 #0 - SERIES STATEMENT/ADDED ENTRY--TITLE
Title Palgrave essential histories
9 (RLIN) 1681
500 ## - GENERAL NOTE
General note Includes bibliographical references and index.
521 ## - TARGET AUDIENCE NOTE
Target audience note
541 ## - IMMEDIATE SOURCE OF ACQUISITION NOTE
-- 1
562 ## - COPY AND VERSION IDENTIFICATION NOTE
Number of copies For circulation. One copy available in the collection
650 ## - SUBJECT ADDED ENTRY--TOPICAL TERM
Topical term or geographic name as entry element China
General subdivision History.
9 (RLIN) 1682
856 42 - ELECTRONIC LOCATION AND ACCESS
Materials specified Contributor biographical information
Uniform Resource Identifier <a href="http://www.loc.gov/catdir/enhancements/fy0634/2006042322-b.html">http://www.loc.gov/catdir/enhancements/fy0634/2006042322-b.html</a>
856 42 - ELECTRONIC LOCATION AND ACCESS
Materials specified Publisher description
Uniform Resource Identifier <a href="http://www.loc.gov/catdir/enhancements/fy0634/2006042322-d.html">http://www.loc.gov/catdir/enhancements/fy0634/2006042322-d.html</a>
856 41 - ELECTRONIC LOCATION AND ACCESS
Materials specified Table of contents only
Uniform Resource Identifier <a href="http://www.loc.gov/catdir/enhancements/fy0634/2006042322-t.html">http://www.loc.gov/catdir/enhancements/fy0634/2006042322-t.html</a>
906 ## - LOCAL DATA ELEMENT F, LDF (RLIN)
a 7
b rix
c orignew
d 1
e ocip
f 20
g y-gencatlg
942 ## - ADDED ENTRY ELEMENTS (KOHA)
Source of classification or shelving scheme Library of Congress Classification
Koha item type
Call number prefix
Holdings
Withdrawn status Lost status Source of classification or shelving scheme Damaged status Home library Current library Shelving location Date acquired Total Checkouts Full call number Barcode Date last seen Date checked out Copy number Price effective from Koha item type
    Library of Congress Classification   Luxembourg Library Luxembourg Library Teachers Reference Section 03/03/2012 1 DS 735 .R643 2006 16101 05/27/2025 02/26/2025 1 10/03/2013 Books

A History of China /

APA

Roberts J. A. G., . (2006). A History of China. New York: Palgrave Macmillan.

Chicago

Roberts J A G, . 2006. A History of China. New York: Palgrave Macmillan.

Harvard

Roberts J. A. G., . (2006). A History of China. New York: Palgrave Macmillan.

MLA

Roberts J A G, . A History of China. New York: Palgrave Macmillan. 2006.

  • Place hold
  • Print
  • Cite
  • Add to your cart (remove)
  • Save record
    BIBTEX Dublin Core MARCXML MARC (non-Unicode/MARC-8) MARC (Unicode/UTF-8) MARC (Unicode/UTF-8, Standard) MODS (XML) RIS
  • More searches
    Search for this title in:
    Other Libraries (WorldCat) Other Databases (Google Scholar) Online Stores (Bookfinder.com) Open Library (openlibrary.org)

Exporting to Dublin Core...

SOUTHVILLE LIBRARY

Southville International School and Colleges Library

1281 Tropical Ave. Cor. Luxembourg St., BF Homes International, Las Pinas City

Tel. No. 8256374 / 252358 Loc. 117/146

Powered by Koha